000 00310 a2200145 4500
001 76000
040 _cAnchieta - Colégio São Paulo
100 _aNewton, Villas Bôas
240 1 0 _aConecte Física
_lpor
245 1 0 _aConecte Física
300 _a182
362 0 _a2014
650 4 _aFísica
942 _cBK
999 _c76000
_d76000